书目信息 |
| 题名: |
野生动物趣谈:野生动物与环境(上)
|
|
| 作者: | 袁建国 编著 | |
| 分册: | ||
| 出版信息: | 北京 中国环境科学出版社 1997.10 |
|
| 页数: | 183页 | |
| 开本: | 32开 | |
| 丛书名: | ||
| 单 册: | ||
| 中图分类: | X174-49 | |
| 科图分类: | ||
| 主题词: | 环境生物学 | |
| 电子资源: | ||
| ISBN: | 7-80093-571-X | |
| 000 | 00609nam0 2200193 45 | |
| 001 | 0007191064 | |
| 005 | 20000715084623.0 | |
| 010 | @a7-80093-571-X@d7.80元 | |
| 100 | @a20000719d1997 km y0chiy0120 ea | |
| 101 | 0 | @achi |
| 105 | @a z 000yy | |
| 200 | 1 | @a野生动物趣谈:野生动物与环境(上)@AYe Sheng Dong Wu Qu Tan:Ye Sheng Dong Wu Yu Huan Jing(Shang)@f袁建国编著@FYuan Jian Guo Bian Zhu |
| 210 | @a北京@c中国环境科学出版社@d1997.10 | |
| 215 | @a183页@d32开 | |
| 606 | 0 | @a环境生物学 |
| 690 | @aX174-49@v3 | |
| 701 | 0 | @a袁建国@4编著 |
| 801 | @aCN@bPftUser@c20000719 | |
| 905 | @b70012-031@dX174-49@eY269@f20 | |
| 野生动物趣谈:野生动物与环境(上)/袁建国编著.-北京:中国环境科学出版社,1997.10 |
| 183页;32开 |
| ISBN 7-80093-571-X:7.80元 |
| ● |
| 相关链接 |
|
|
|
正题名:野生动物趣谈:野生动物与环境(上)
索取号:X174-49/Y269
 
预约/预借
| 序号 | 登录号 | 条形码 | 馆藏地/架位号 | 状态 | 备注 |
| 1 | 70012 | 200700125 | 期刊室512/501自科库 63排5列5层/ [索取号:X174-49/Y269] | 在馆 | |
| 2 | 70013 | 200700134 | 期刊室512/ [索取号:X174-49/Y269] | 在馆 | |
| 3 | 70014 | 200700143 | 期刊室512/501自科库 63排5列5层/ [索取号:X174-49/Y269] | 在馆 | |
| 4 | 70015 | 200700152 | 期刊室512/501自科库 63排5列5层/ [索取号:X174-49/Y269] | 在馆 | |
| 5 | 70016 | 200700161 | 自科二线504/501自科库 63排5列5层/ [索取号:X174-49/Y269] | 在馆 | |
| 6 | 70017 | 200700170 | 期刊室512/501自科库 63排5列5层/ [索取号:X174-49/Y269] | 在馆 | |
| 7 | 70018 | 200700189 | 期刊室512/501自科库 63排5列5层/ [索取号:X174-49/Y269] | 在馆 | |
| 8 | 70019 | 200700198 | 期刊室512/501自科库 63排5列5层/ [索取号:X174-49/Y269] | 在馆 | |
| 9 | 70020 | 200700205 | 期刊室512/201建筑库 57排6列2层/ [索取号:X174-49/Y269] | 在馆 | |
| 10 | 70021 | 200700214 | 自科库501/501自科库 63排5列5层/ [索取号:X174-49/Y269] | 在馆 | |
| 11 | 70022 | 200700223 | 自科库501/501自科库 63排5列5层/ [索取号:X174-49/Y269] | 在馆 | |
| 12 | 70023 | 200700232 | 自科库501/501自科库 63排5列5层/ [索取号:X174-49/Y269] | 在馆 | |
| 13 | 70024 | 200700241 | 自科二线504/501自科库 63排5列5层/ [索取号:X174-49/Y269] | 在馆 | |
| 14 | 70025 | 200700250 | 期刊室512/501自科库 63排5列5层/ [索取号:X174-49/Y269] | 在馆 | |
| 15 | 70026 | 200700269 | 自科库501/501自科库 63排5列5层/ [索取号:X174-49/Y269] | 在馆 | |
| 16 | 70027 | 200700278 | 期刊室512/501自科库 63排5列5层/ [索取号:X174-49/Y269] | 在馆 | |
| 17 | 70028 | 200700287 | 期刊室512/501自科库 63排5列5层/ [索取号:X174-49/Y269] | 在馆 | |
| 18 | 70029 | 200700296 | 自科二线504/501自科库 63排5列5层/ [索取号:X174-49/Y269] | 在馆 | |
| 19 | 70030 | 200700303 | 期刊室512/501自科库 63排5列5层/ [索取号:X174-49/Y269] | 在馆 | |
| 20 | 70031 | 200700312 | 期刊室512/501自科库 63排5列5层/ [索取号:X174-49/Y269] | 在馆 |